| 000 | 00546cam a2200205ua 4500 | ||
|---|---|---|---|
| 001 | 10296 | ||
| 005 | 20260515114614.0 | ||
| 008 | 180314n ii |||gr||||Z||||||eng | ||
| 020 | _a9789332518230 | ||
| 040 | _cMAIN | ||
| 082 | _a337 | ||
| 100 |
_aKrugman, Paul R., _eAuthor. |
||
| 245 |
_aInternational economics : _btheory and policy / _cBy Paul, R. Krugman . |
||
| 250 | _a8th imp. | ||
| 260 |
_aChennai: _bPearson, _c2017. |
||
| 300 | _a687p. | ||
| 653 | _aInternational economics | ||
| 700 |
_aObstfeld, Maurice, _eAuthor. |
||
| 942 | _cBK | ||
| 999 |
_c9282 _d9282 |
||